5HLuxD.jpg

KING HENRY VIII SENIOR AND PRIMARY SCHOOL LIBRARY OPAC

Sold / (Record no. 184)

000 -LEADER
fixed length control field 01824cam a2200529Ia 4500
001 - CONTROL NUMBER
control field 220154218
003 - CONTROL NUMBER IDENTIFIER
control field OCoLC
005 - DATE AND TIME OF LATEST TRANSACTION
control field 20190731092753.0
008 - FIXED-LENGTH DATA ELEMENTS--GENERAL INFORMATION
fixed length control field 080405r20082006nyu d 000 f eng d
020 ## - INTERNATIONAL STANDARD BOOK NUMBER
International Standard Book Number 9780786851720 (pbk.)
020 ## - INTERNATIONAL STANDARD BOOK NUMBER
International Standard Book Number 0786851724 (pbk.)
035 ## - SYSTEM CONTROL NUMBER
System control number (OCoLC)220154218
Canceled/invalid control number (OCoLC)182525922
040 ## - CATALOGING SOURCE
Original cataloging agency MCF
Transcribing agency MCF
Modifying agency IUI
-- BAKER
-- BTCTA
-- OCLCG
-- OCLCA
-- DSR
-- NYP
-- TnLvILS
043 ## - GEOGRAPHIC AREA CODE
Geographic area code a-np---
-- a-ii---
049 ## - LOCAL HOLDINGS (OCLC)
Holding library NYPP
082 14 - DEWEY DECIMAL CLASSIFICATION NUMBER
Classification number FIC MCC
Edition number 22
091 ## - MICROFILM SHELF LOCATION (AM) [OBSOLETE]
Microfilm shelf location FIC
100 1# - MAIN ENTRY--PERSONAL NAME
Personal name McCormick, Patricia,
Dates associated with a name 1956-
Relator term author
245 10 - TITLE STATEMENT
Title Sold /
Statement of responsibility, etc. Patricia McCormick.
250 ## - EDITION STATEMENT
Edition statement 1st Hyperion Paperbacks ed.
260 ## - PUBLICATION, DISTRIBUTION, ETC.
Place of publication, distribution, etc. New York :
Name of publisher, distributor, etc. Hyperion Paperbacks,
Date of publication, distribution, etc. 2008, c2006.
300 ## - PHYSICAL DESCRIPTION
Extent 263 p. ;
Dimensions 21 cm.
500 ## - GENERAL NOTE
General note Originally published in hardcover: New York : Hyperion, 2006.
520 ## - SUMMARY, ETC.
Summary, etc. Thirteen-year-old Lakshmi leaves her poor mountain home in Nepal thinking that she is to work in the city as a maid only to find that she has been sold into the sex slave trade in India and that there is no hope of escape.
526 0# - STUDY PROGRAM INFORMATION NOTE
Program name Accelerated Reader/Renaissance Learning
Interest level UG
Reading level 5.0
Title point value 5.
586 8# - AWARDS NOTE
Awards note California Young Reader Medal for Young Adults, 2009.
650 #0 - SUBJECT ADDED ENTRY--TOPICAL TERM
Topical term or geographic name entry element Teenage girls
Geographic subdivision India
Form subdivision Fiction.
650 #0 - SUBJECT ADDED ENTRY--TOPICAL TERM
Topical term or geographic name entry element Human trafficking
Form subdivision Fiction.
650 #0 - SUBJECT ADDED ENTRY--TOPICAL TERM
Topical term or geographic name entry element Child prostitution
Geographic subdivision India
Form subdivision Fiction.
650 #0 - SUBJECT ADDED ENTRY--TOPICAL TERM
Topical term or geographic name entry element Prostitution
Form subdivision Fiction.
650 #0 - SUBJECT ADDED ENTRY--TOPICAL TERM
Topical term or geographic name entry element Slavery
Form subdivision Fiction.
650 #0 - SUBJECT ADDED ENTRY--TOPICAL TERM
Topical term or geographic name entry element Novels in verse.
650 #0 - SUBJECT ADDED ENTRY--TOPICAL TERM
Topical term or geographic name entry element Families
Form subdivision Fiction.
650 #0 - SUBJECT ADDED ENTRY--TOPICAL TERM
Topical term or geographic name entry element Friendship
Form subdivision Fiction.
651 #0 - SUBJECT ADDED ENTRY--GEOGRAPHIC NAME
Geographic name Nepal
Form subdivision Fiction.
651 #0 - SUBJECT ADDED ENTRY--GEOGRAPHIC NAME
Geographic name India
Form subdivision Fiction.
901 ## - LOCAL DATA ELEMENT A, LDA (RLIN)
a INGRAMD131015-18
901 ## - LOCAL DATA ELEMENT A, LDA (RLIN)
a INGRAMD131007-22
901 ## - LOCAL DATA ELEMENT A, LDA (RLIN)
a BTCLSD110405A
901 ## - LOCAL DATA ELEMENT A, LDA (RLIN)
a ika
b CD
901 ## - LOCAL DATA ELEMENT A, LDA (RLIN)
a MARS
908 04 - PUT COMMAND PARAMETER (RLIN)
Put command parameter PZ7.5.M43
942 ## - ADDED ENTRY ELEMENTS (KOHA)
Source of classification or shelving scheme
Koha item type Books - Fiction
945 ## - LOCAL PROCESSING INFORMATION (OCLC)
a .o1736873x
945 ## - LOCAL PROCESSING INFORMATION (OCLC)
a .o17251722
945 ## - LOCAL PROCESSING INFORMATION (OCLC)
a .o13578686
Holdings
Withdrawn status Lost status Source of classification or shelving scheme Damaged status Not for loan Collection code Permanent Location Current Location Shelving location Date acquired Full call number Barcode Date last seen Price effective from Koha item type
          Fiction KH8 Senior School Library KH8 Senior School Library Young Adult 2019-07-31 FIC MCC 3KHSL000101193 2024-07-23 2019-07-31 Books - Fiction

Powered By KH8 IT Dept